000 02185nam a2200313 a 4500
001 ASIN0745331491
005 20170105102925.0
008 131211s2012 xxu eng d
020 _a0745331491 (paperback)
_c$35.00
020 _a9780745331492 (paperback)
040 _a0
050 0 4 _aHC440.8
082 0 4 _a330.122
_bGAR 2012
100 1 _aGardner, Katy.
245 1 4 _aThe discordant development :
_bglobal capitalism and the struggle for connection in bangladesh /
_cKaty Gardner.
260 _a[S.l.] :
_bPluto Press,
_c2012.
300 _a216 p. ;
_c22 cm.
490 1 _aAnthropology, culture and society.
520 _aWhat happens when a vast multinational mining company operates a gas plant situated close to four densely populated villages in rural Bangladesh? How does its presence contribute to local processes of ‘development’? And what do corporate claims of ‘community engagement’ involve? Drawing from author Katy Gardner’s longstanding relationship with the area, Discordant Development reveals the complex and contradictory ways that local people attempt to connect to, and are disconnected by, foreign capital. Everyone has a story to tell: whether of dispossession and scarcity, the success of Corporate Social Responsibility, or imperialist exploitation and corruption. Yet as Gardner argues, what really matters in the struggles over resources is which of these stories are heard, and the power of those who tell them. Based around the discordant narratives of dispossessed land owners, urban activists, mining officials and the rural landless, Discordant Development touches on some of the most urgent economic and political questions of our time, including resource ownership and scarcity, and the impact of foreign investment and industrialisation on global development.
650 0 _aBangladesh
650 0 _aCapitalism--Social aspects
650 0 _aEconomic development
650 0 _aEconomic history
650 0 _aGlobalization
650 0 _aPolitical science
830 0 _aAnthropology, culture and society.
856 4 0 _3Amazon.com
_uhttp://www.amazon.com/exec/obidos/ASIN/0745331491/chopaconline-20
942 _2ddc
_cBK
999 _c15788
_d15788